[Event "Gibraltar Chess Festival 2017 - Masters"]
[Site "Gibraltar ENG"]
[Date "2017.01.26"]
[Round "3.118"]
[White "Day, Christopher"]
[Black "Fomani, Medhi"]
[Result "1-0"]
[WhiteElo "1760"]
[BlackElo "2042"]
[PlyCount "151"]
[EventDate "2017.01.24"]
[EventType "swiss"]
[EventRounds "10"]
[EventCountry "ENG"]
[SourceTitle "Ajedrez en Madrid"]
[Source "lmi"]
[SourceDate "2017.01.24"]

1. Nf3 Nf6 2. g3 d5 3. Bg2 g6 4. O-O Bg7 5. d3 O-O 6. Nbd2 Nbd7 7. c4 c6 8. b3
Ne4 9. d4 Nc3 10. Qe1 Nf6 11. Bb2 Nce4 12. Rd1 Bf5 13. Ne5 Rc8 14. Nxe4 Nxe4
15. f3 Nf6 16. e4 Be6 17. Qb4 Qb6 18. Bc3 Rfe8 19. a4 Nh5 20. f4 Qxb4 21. Bxb4
Bxe5 22. dxe5 dxe4 23. Bxe4 Ng7 24. Rd3 Kf8 25. Rfd1 h5 26. Kf2 Bg4 27. R1d2
Be6 28. Bc5 a6 29. a5 Bf5 30. Bxf5 gxf5 31. Rd7 Ne6 32. Bb6 Rb8 33. Kg2 Kg7 34.
Kh3 Kg6 35. R2d3 Kg7 36. Kh4 Kg6 37. Rd2 Kg7 38. Kh3 Kg6 39. Ra2 Kg7 40. Rad2
Kg6 41. Kg2 Kg7 42. Kf3 Kf8 43. Ke3 Kg7 44. Ba7 Ra8 45. Rxb7 Nd8 46. Rbd7 Ne6
47. Bb6 Kf8 48. b4 Rec8 49. Kd3 Ke8 50. Kc3 c5 51. R7d5 cxb4+ 52. Kxb4 Rc6 53.
h3 Rac8 54. Rc2 Ra8 55. Kc3 Rac8 56. Kb4 Ra8 57. Rc1 Rac8 58. Rc3 Nc7 59. Rd1
e6 60. Bxc7 R8xc7 61. Rd6 Rb7+ 62. Ka4 Rxd6 63. exd6 Kd7 64. c5 Kc6 65. Rb3 Ra7
66. Kb4 Kd5 67. Rd3+ Kc6 68. Kc4 Ra8 69. Rb3 Ra7 70. Kd4 f6 71. Rb6+ Kd7 72. h4
Ra8 73. Rb7+ Kc6 74. Rc7+ Kb5 75. d7 Rd8 76. c6 1-0

[Event "Gibraltar Chess Festival 2017 - Masters"]
[Site "Gibraltar ENG"]
[Date "2017.01.26"]
[Round "3.119"]
[White "Chilton, James I"]
[Black "Skou, Niels"]
[Result "1/2-1/2"]
[WhiteElo "1756"]
[BlackElo "2025"]
[PlyCount "97"]
[EventDate "2017.01.24"]
[EventType "swiss"]
[EventRounds "10"]
[EventCountry "ENG"]
[SourceTitle "Ajedrez en Madrid"]
[Source "lmi"]
[SourceDate "2017.01.24"]

1. e4 e5 2. Nf3 Nc6 3. Bb5 a6 4. Ba4 Nf6 5. O-O Be7 6. Re1 b5 7. Bb3 d6 8. c3
O-O 9. d4 exd4 10. cxd4 Bg4 11. Re3 Na5 12. Bc2 Re8 13. h3 Bh5 14. b3 c5 15. g4
Bg6 16. Bb2 Qc7 17. d5 Nb7 18. Nbd2 Nd7 19. h4 h6 20. Nf1 Bf6 21. Rb1 c4 22. g5
Bxb2 23. Rxb2 cxb3 24. axb3 Nbc5 25. Ng3 a5 26. h5 Bh7 27. gxh6 gxh6 28. Nd4
Qd8 29. Ngf5 Qf6 30. Qg4+ Kh8 31. Rg3 Rg8 32. Qf4 Ne5 33. Qxh6 Rxg3+ 34. fxg3
Qxh6 35. Nxh6 Nxe4 36. Nxb5 Rc8 37. Bxe4 Bxe4 38. Nxd6 Rc1+ 39. Kf2 Bxd5 40.
Re2 f6 41. Ne4 Rc6 42. Nf5 Kh7 43. Nxf6+ Rxf6 44. Rxe5 Bxb3 45. Rxa5 Bd1 46.
Ra7+ Kh8 47. Ra8+ Kh7 48. Ra7+ Kh8 49. Ra8+ 1/2-1/2

[Event "Gibraltar Chess Festival 2017 - Masters"]
[Site "Gibraltar ENG"]
[Date "2017.01.26"]
[Round "3.120"]
[White "Suez-Panama, Gilles"]
[Black "Neumanova, Monika"]
[Result "1-0"]
[WhiteElo "2010"]
[BlackElo "1707"]
[PlyCount "29"]
[EventDate "2017.01.24"]
[EventType "swiss"]
[EventRounds "10"]
[EventCountry "ENG"]
[SourceTitle "Ajedrez en Madrid"]
[Source "lmi"]
[SourceDate "2017.01.24"]

1. Nf3 e6 2. b3 Nf6 3. Bb2 d5 4. e3 Be7 5. Bd3 O-O 6. O-O c5 7. Ne5 Qc7 8. f4
Nc6 9. a3 Nd7 10. Nxd7 Bxd7 11. Bxh7+ Kxh7 12. Qh5+ Kg8 13. Bxg7 Kxg7 14. Qg4+
Kh8 15. Rf3 1-0

[Event "Gibraltar Chess Festival 2017 - Masters"]
[Site "Gibraltar ENG"]
[Date "2017.01.26"]
[Round "3.121"]
[White "Kuenitz, Klaus"]
[Black "Vilarnovo Caamano, Jose"]
[Result "0-1"]
[WhiteElo "1690"]
[BlackElo "2009"]
[PlyCount "40"]
[EventDate "2017.01.24"]
[EventType "swiss"]
[EventRounds "10"]
[EventCountry "ENG"]
[SourceTitle "Ajedrez en Madrid"]
[Source "lmi"]
[SourceDate "2017.01.24"]

1. d4 c5 2. Nf3 cxd4 3. Nxd4 d5 4. c4 e5 5. Nf3 e4 6. Nd4 Nf6 7. Nc3 dxc4 8. e3
Bc5 9. Bxc4 O-O 10. O-O Nbd7 11. Na4 Bd6 12. Be2 Ne5 13. Nb5 Be7 14. Qc2 Bd7
15. Rd1 Rc8 16. Nac3 Qb6 17. a4 Bb4 18. Qb3 a5 19. Nd5 Qe6 20. Nbc7 Rxc7 0-1

[Event "Gibraltar Chess Festival 2017 - Masters"]
[Site "Gibraltar ENG"]
[Date "2017.01.26"]
[Round "3.122"]
[White "Bullock, Lee"]
[Black "Byrn, Carsten"]
[Result "1/2-1/2"]
[WhiteElo "1563"]
[BlackElo "2003"]
[PlyCount "102"]
[EventDate "2017.01.24"]
[EventType "swiss"]
[EventRounds "10"]
[EventCountry "ENG"]
[SourceTitle "Ajedrez en Madrid"]
[Source "lmi"]
[SourceDate "2017.01.24"]

1. d4 Nf6 2. Bf4 c5 3. e3 b6 4. Nf3 Bb7 5. Nbd2 g6 6. Bd3 Bg7 7. c3 O-O 8. Qc2
d6 9. O-O-O Nbd7 10. h4 Rc8 11. h5 cxd4 12. exd4 Nd5 13. hxg6 fxg6 14. Bh6 N7f6
15. Bxg6 hxg6 16. Qxg6 Rf7 17. Ng5 Qe8 18. Nde4 Rc7 19. Ne6 Nf4 20. Nxf6+ exf6
21. Nxf4 Be4 22. Bxg7 Bxg6 23. Rh8+ Kxg7 24. Rxe8 Bf5 25. Ne6+ Bxe6 26. Rxe6
Rfd7 27. Rde1 Kf7 28. Kd2 Rc8 29. b4 Rh8 30. R6e3 a5 31. Rh3 Rxh3 32. gxh3 axb4
33. cxb4 Ra7 34. Ra1 Ra3 35. h4 Ke6 36. Kc2 Kd5 37. Kb2 Rf3 38. Rc1 Rxf2+ 39.
Rc2 Rf4 40. Rh2 Rxd4 41. a3 Rg4 42. h5 Rg7 43. Rf2 Ke5 44. a4 Rg4 45. Kc3 Rh4
46. Re2+ Kd5 47. Rd2+ Kc6 48. Rf2 Rxh5 49. Rxf6 Rh3+ 50. Kc4 Rh4+ 51. Kc3 Rh3+
1/2-1/2

[Event "Gibraltar Chess Festival 2017 - Masters"]
[Site "Gibraltar ENG"]
[Date "2017.01.26"]
[Round "3.123"]
[White "Tveten, Per"]
[Black "Press, Shaun"]
[Result "0-1"]
[WhiteElo "1486"]
[BlackElo "1970"]
[PlyCount "82"]
[EventDate "2017.01.24"]
[EventType "swiss"]
[EventRounds "10"]
[EventCountry "ENG"]
[SourceTitle "Ajedrez en Madrid"]
[Source "lmi"]
[SourceDate "2017.01.24"]

1. e4 e5 2. Nf3 Nc6 3. Bc4 Nf6 4. Ng5 Bc5 5. O-O O-O 6. Nc3 h6 7. Nf3 d6 8. h3
a6 9. a3 Be6 10. Bd5 Bxd5 11. Nxd5 Nxe4 12. d3 Nf6 13. Nxf6+ Qxf6 14. Be3 Bxe3
15. fxe3 Qe6 16. c4 f5 17. Nd2 d5 18. Qb3 dxc4 19. Qxc4 Qxc4 20. dxc4 Rad8 21.
Rad1 Rd3 22. Nf3 Rxe3 23. Rd7 Rf7 24. Rxf7 Kxf7 25. Nh4 g6 26. Rd1 Nd4 27. Rd2
g5 28. Kf2 Re4 29. Nf3 Ke6 30. c5 Nxf3 31. Kxf3 Rd4 32. Rc2 Kd5 33. b4 Rd3+ 34.
Ke2 e4 35. Ra2 Kd4 36. Kf1 f4 37. Ke2 e3 38. Kf3 Rd2 39. Ra1 Rf2+ 40. Kg4 e2
41. g3 Rf1 0-1

[Event "Gibraltar Chess Festival 2017 - Masters"]
[Site "Gibraltar ENG"]
[Date "2017.01.26"]
[Round "3.124"]
[White "Odeh, Kenneth"]
[Black "Beadle, John R"]
[Result "1-0"]
[WhiteElo "1969"]
[BlackElo "1544"]
[PlyCount "95"]
[EventDate "2017.01.24"]
[EventType "swiss"]
[EventRounds "10"]
[EventCountry "ENG"]
[SourceTitle "Ajedrez en Madrid"]
[Source "lmi"]
[SourceDate "2017.01.24"]

1. e4 c5 2. Nc3 Nc6 3. g3 g6 4. Bg2 Bg7 5. d3 Nf6 6. Nge2 O-O 7. h3 d6 8. Be3
Bd7 9. Qd2 a6 10. Bh6 b5 11. Bxg7 Kxg7 12. f4 Rc8 13. g4 e5 14. f5 Nd4 15. Ng3
Ng8 16. h4 Bc6 17. O-O-O Rb8 18. Rdf1 b4 19. Nb1 b3 20. axb3 Rxb3 21. h5 Rb7
22. hxg6 fxg6 23. g5 gxf5 24. exf5 Bxg2 25. f6+ Nxf6 26. gxf6+ Rxf6 27. Qg5+
Kf7 28. Rxh7+ Ke6 29. Qxf6+ Qxf6 30. Rxf6+ Kxf6 31. Rh6+ Ke7 32. Nc3 Kd7 33.
Nce4 Bxe4 34. Nxe4 Kc6 35. Nxd6 Rb8 36. Nc4+ Kb5 37. Nxe5 Rg8 38. c4+ Ka5 39.
Nc6+ Nxc6 40. Rxc6 Rg1+ 41. Kc2 Kb4 42. Rb6+ Ka5 43. Rb8 Rg6 44. Kc3 Rc6 45.
b4+ cxb4+ 46. Rxb4 Rb6 47. Rxb6 Kxb6 48. Kb4 1-0

[Event "Gibraltar Chess Festival 2017 - Masters"]
[Site "Gibraltar ENG"]
[Date "2017.01.26"]
[Round "3.125"]
[White "Roman Lopez, Jesus"]
[Black "Lapusan, Razvan"]
[Result "1-0"]
[WhiteElo "1962"]
[BlackElo "1525"]
[PlyCount "141"]
[EventDate "2017.01.24"]
[EventType "swiss"]
[EventRounds "10"]
[EventCountry "ENG"]
[SourceTitle "Ajedrez en Madrid"]
[Source "lmi"]
[SourceDate "2017.01.24"]

1. e4 d5 2. exd5 Nf6 3. c4 e6 4. d4 exd5 5. Nc3 Bb4 6. Bd3 O-O 7. Nge2 dxc4 8.
Bxc4 Bg4 9. f3 Bf5 10. O-O Bxc3 11. bxc3 c6 12. Ba3 Re8 13. Qb3 Qd7 14. Nf4 b5
15. Bd3 a5 16. Rad1 Na6 17. Kh1 Nc7 18. Qc2 Bxd3 19. Nxd3 Ncd5 20. Ne5 Qc7 21.
Rfe1 Nb6 22. Re2 Re6 23. Rde1 Rae8 24. g3 Nh5 25. f4 Rc8 26. Qf5 g6 27. Qg5 f6
28. Qg4 f5 29. Qg5 Qg7 30. Nd3 Rxe2 31. Rxe2 Nd5 32. Bb2 Nhf6 33. Nc5 Ne4 34.
Nxe4 fxe4 35. Rxe4 Nf6 36. Re6 Kf7 37. Qe5 Re8 38. Qc7+ Kf8 39. Qxg7+ Kxg7 40.
Rxe8 Nxe8 41. d5 Kf7 42. dxc6 Ke6 43. Kg2 Kd6 44. Kf3 Kxc6 45. g4 Nd6 46. h4
Kd5 47. h5 a4 48. hxg6 hxg6 49. Ba3 Ne4 50. Bb4 Nd2+ 51. Ke2 Nc4 52. Kf3 Nd2+
53. Kg3 Ne4+ 54. Kh4 Ke6 55. Ba5 Kf6 56. Bc7 Ke6 57. Ba5 Kf6 58. Bb6 Ke6 59.
Bd4 Nd6 60. Kg5 Kf7 61. Kh6 Ne4 62. Kh7 Nd2 63. f5 g5 64. Kh6 Ne4 65. Kh5 Ke7
66. Kg6 Ke8 67. Kg7 Nd6 68. f6 Nf7 69. Kg6 Nd8 70. Be3 Nc6 71. f7+ 1-0

[Event "Gibraltar Chess Festival 2017 - Masters"]
[Site "Gibraltar ENG"]
[Date "2017.01.27"]
[Round "4.1"]
[White "Iturrizaga Bonelli, Eduardo"]
[Black "Adams, Michael"]
[Result "1/2-1/2"]
[WhiteElo "2652"]
[BlackElo "2751"]
[PlyCount "59"]
[EventDate "2017.01.24"]
[EventType "swiss"]
[EventRounds "10"]
[EventCountry "ENG"]
[SourceTitle "Ajedrez en Madrid"]
[Source "lmi"]
[SourceDate "2017.01.24"]

1. d4 Nf6 2. Nf3 d5 3. Bf4 e6 4. e3 Bd6 5. Bg3 O-O 6. Nbd2 c5 7. c3 b6 8. Bd3
Ba6 9. Bxa6 Nxa6 10. Qe2 Nc7 11. Ne5 cxd4 12. cxd4 Ne4 13. Nd3 Qe7 14. Bxd6
Qxd6 15. O-O Rfc8 16. Rfc1 Ne8 17. Qd1 Nxd2 18. Qxd2 Qd7 19. b3 Nd6 20. f3 f6
21. Kf2 Kf7 22. Rxc8 Rxc8 23. Rc1 Rc7 24. g4 Qc8 25. Rxc7+ Qxc7 26. Kg2 a5 27.
a4 Ke7 28. Nf4 Kf7 29. h3 Nc8 30. Ne2 1/2-1/2

[Event "Gibraltar Chess Festival 2017 - Masters"]
[Site "Gibraltar ENG"]
[Date "2017.01.27"]
[Round "4.2"]
[White "Sutovsky, Emil"]
[Black "Vitiugov, Nikita"]
[Result "1-0"]
[WhiteElo "2628"]
[BlackElo "2724"]
[PlyCount "93"]
[EventDate "2017.01.24"]
[EventType "swiss"]
[EventRounds "10"]
[EventCountry "ENG"]
[SourceTitle "Ajedrez en Madrid"]
[Source "lmi"]
[SourceDate "2017.01.24"]

1. e4 e5 2. Nf3 Nc6 3. Bb5 a6 4. Ba4 Nf6 5. O-O Be7 6. Re1 b5 7. Bb3 d6 8. c3
O-O 9. h3 Nb8 10. d4 Nbd7 11. Nbd2 Bb7 12. Bc2 Re8 13. Nf1 Bf8 14. Bg5 h6 15.
Bh4 g6 16. N3d2 c6 17. Qf3 Bg7 18. Ne3 Qb6 19. Bxf6 Nxf6 20. dxe5 dxe5 21. b4
c5 22. Nb3 cxb4 23. cxb4 Rad8 24. Nc5 Rd4 25. a3 Red8 26. Ng4 Nxg4 27. hxg4 Bc8
28. Bb3 Qf6 29. Bd5 Qf4 30. Nb3 R4xd5 31. exd5 Bxg4 32. Qxf4 exf4 33. Rac1 Bb2
34. Rc5 Bxa3 35. Re4 g5 36. Na5 Bb2 37. Nc6 Rd6 38. Ne7+ Kf8 39. Rc6 Rd7 40.
Rxa6 Rc7 41. Nc6 Rd7 42. Re8+ Kg7 43. Rd8 Rxd8 44. Nxd8 Bf5 45. d6 Bc3 46. Nc6
Kf6 47. Ra7 1-0

[Event "Gibraltar Chess Festival 2017 - Masters"]
[Site "Gibraltar ENG"]
[Date "2017.01.27"]
[Round "4.3"]
[White "Lagarde, Maxime"]
[Black "Zvjaginsev, Vadim"]
[Result "1/2-1/2"]
[WhiteElo "2594"]
[BlackElo "2679"]
[PlyCount "61"]
[EventDate "2017.01.24"]
[EventType "swiss"]
[EventRounds "10"]
[EventCountry "ENG"]
[SourceTitle "Ajedrez en Madrid"]
[Source "lmi"]
[SourceDate "2017.01.24"]

1. e4 e5 2. Nf3 Nf6 3. Nxe5 d6 4. Nf3 Nxe4 5. Qe2 Qe7 6. d3 Nf6 7. Nc3 Qxe2+ 8.
Bxe2 g6 9. Bf4 Bg7 10. Nd4 Nc6 11. Nxc6 bxc6 12. Bf3 Kd7 13. O-O-O Ba6 14. g4
Rab8 15. b3 Bb7 16. d4 h5 17. h3 Rh7 18. Be3 hxg4 19. hxg4 Rxh1 20. Rxh1 c5 21.
Rh3 Bxf3 22. Rxf3 Rf8 23. Rg3 Nh5 24. gxh5 cxd4 25. Bf4 dxc3 26. hxg6 fxg6 27.
Be3 Be5 28. Rxg6 Bf4 29. Bxf4 Rxf4 30. Rg3 Rxf2 31. Rxc3 1/2-1/2

[Event "Gibraltar Chess Festival 2017 - Masters"]
[Site "Gibraltar ENG"]
[Date "2017.01.27"]
[Round "4.4"]
[White "Ju, Wenjun"]
[Black "Shankland, Samuel L"]
[Result "1-0"]
[WhiteElo "2583"]
[BlackElo "2674"]
[PlyCount "85"]
[EventDate "2017.01.24"]
[EventType "swiss"]
[EventRounds "10"]
[EventCountry "ENG"]
[SourceTitle "Ajedrez en Madrid"]
[Source "lmi"]
[SourceDate "2017.01.24"]

1. d4 Nf6 2. c4 e6 3. g3 c5 4. d5 exd5 5. cxd5 d6 6. Nc3 g6 7. Nf3 Bg7 8. Bg2
O-O 9. O-O Re8 10. Re1 Nbd7 11. Bf4 Ng4 12. Rc1 Nde5 13. Ne4 Bf5 14. Nfd2 h6
15. h3 Nf6 16. Nc3 Rb8 17. g4 Bc8 18. Bg3 b5 19. b3 a6 20. f4 Nexg4 21. hxg4
Nxg4 22. Nf3 Ne3 23. Qd2 Bb7 24. Bf2 Nxg2 25. Kxg2 b4 26. Nd1 Qd7 27. Rc4 a5
28. Ne3 Ba6 29. Rcc1 Re4 30. Nc4 Bc3 31. Rxc3 bxc3 32. Qxc3 Bxc4 33. bxc4 Rxf4
34. Bg3 Rg4 35. Kf2 Qe7 36. e4 Rxe4 37. Bxd6 Qxd6 38. Rxe4 g5 39. Qe5 Qf8 40.
Re2 Rd8 41. Nxg5 hxg5 42. Qxg5+ Kh7 43. Re4 1-0

[Event "Gibraltar Chess Festival 2017 - Masters"]
[Site "Gibraltar ENG"]
[Date "2017.01.27"]
[Round "4.6"]
[White "Vocaturo, Daniele"]
[Black "Caruana, Fabiano"]
[Result "1/2-1/2"]
[WhiteElo "2606"]
[BlackElo "2827"]
[PlyCount "115"]
[EventDate "2017.01.24"]
[EventType "swiss"]
[EventRounds "10"]
[EventCountry "ENG"]
[SourceTitle "Ajedrez en Madrid"]
[Source "lmi"]
[SourceDate "2017.01.24"]

1. e4 c6 2. d4 d5 3. e5 Bf5 4. h4 h5 5. Bd3 Bxd3 6. Qxd3 e6 7. Bg5 Qb6 8. Nd2
Qa6 9. c4 Bb4 10. b3 c5 11. Ngf3 Nc6 12. dxc5 Nge7 13. O-O Nf5 14. Qc2 Ncd4 15.
Nxd4 Nxd4 16. Qd1 Bxc5 17. Nf3 Qb6 18. cxd5 exd5 19. Rc1 O-O 20. Nxd4 Bxd4 21.
Qxh5 Rae8 22. Bf4 Qg6 23. Qxg6 fxg6 24. g3 Bxe5 25. Bxe5 Rxe5 26. Rfe1 Rxe1+
27. Rxe1 Rc8 28. Re7 Rc2 29. a4 b6 30. Rxa7 Rb2 31. Rb7 Rxb3 32. a5 b5 33. a6
Ra3 34. Rxb5 Rxa6 35. Rxd5 Ra2 36. Kg2 Rb2 37. Rd8+ Kf7 38. Rd7+ Kg8 39. Kf3
Ra2 40. Ke3 Ra4 41. Re7 Ra5 42. f3 Kh7 43. Kf4 Rf5+ 44. Ke4 Ra5 45. Kf4 Rf5+
46. Kg4 Ra5 47. Re8 Ra4+ 48. Kh3 Ra3 49. Rf8 Ra5 50. g4 Rb5 51. Rf4 Kg8 52. Rd4
Ra5 53. Kg3 Rb5 54. Kf4 Ra5 55. Rd7 Kh7 56. Ke4 Ra1 57. Ke5 Rh1 58. Kf4 1/2-1/2

[Event "Gibraltar Chess Festival 2017 - Masters"]
[Site "Gibraltar ENG"]
[Date "2017.01.27"]
[Round "4.8"]
[White "Yu, Yangyi"]
[Black "Maze, Sebastien"]
[Result "1/2-1/2"]
[WhiteElo "2738"]
[BlackElo "2613"]
[PlyCount "73"]
[EventDate "2017.01.24"]
[EventType "swiss"]
[EventRounds "10"]
[EventCountry "ENG"]
[SourceTitle "Ajedrez en Madrid"]
[Source "lmi"]
[SourceDate "2017.01.24"]

1. d4 Nf6 2. c4 g6 3. Nc3 Bg7 4. e4 d6 5. Be2 O-O 6. Bg5 c5 7. d5 e6 8. Qd2
exd5 9. cxd5 Re8 10. f3 a6 11. a4 Qa5 12. Ra3 Nbd7 13. Nh3 Qc7 14. Nf2 b6 15.
O-O Kh8 16. Bh6 Bxh6 17. Qxh6 Ng8 18. Qf4 Ne5 19. Qd2 f6 20. f4 Nf7 21. Rb1 Qd8
22. b4 f5 23. bxc5 bxc5 24. Rab3 Nf6 25. Rb8 Rxb8 26. Rxb8 Qa5 27. Qb2 Kg8 28.
Bf1 Nd7 29. Rb3 Nf6 30. exf5 Bxf5 31. h3 h5 32. Rb7 Re1 33. Qd2 Ra1 34. Rb8+
Kh7 35. Rb7 Kg8 36. Qb2 Re1 37. Qd2 1/2-1/2

[Event "Gibraltar Chess Festival 2017 - Masters"]
[Site "Gibraltar ENG"]
[Date "2017.01.27"]
[Round "4.10"]
[White "Matlakov, Maxim"]
[Black "Blomqvist, Erik"]
[Result "1/2-1/2"]
[WhiteElo "2701"]
[BlackElo "2574"]
[PlyCount "61"]
[EventDate "2017.01.24"]
[EventType "swiss"]
[EventRounds "10"]
[EventCountry "ENG"]
[SourceTitle "Ajedrez en Madrid"]
[Source "lmi"]
[SourceDate "2017.01.24"]

1. c4 Nf6 2. g3 e6 3. Bg2 d5 4. d4 Be7 5. Nf3 O-O 6. O-O dxc4 7. Ne5 c5 8. dxc5
Qc7 9. Nxc4 Qxc5 10. b3 Rd8 11. Nbd2 Nc6 12. Bb2 Qb5 13. e3 Bd7 14. a4 Qa6 15.
g4 Be8 16. g5 Nd7 17. Qg4 Nde5 18. Nxe5 Nxe5 19. Bxe5 Rxd2 20. Rac1 Bc6 21.
Bxc6 bxc6 22. h4 c5 23. Rfd1 Rad8 24. Rxd2 Rxd2 25. Rd1 Qd3 26. Rxd2 Qxd2 27.
Qc4 Qd5 28. Bb8 Qxc4 29. bxc4 a6 30. Kg2 f6 31. gxf6 1/2-1/2

[Event "Gibraltar Chess Festival 2017 - Masters"]
[Site "Gibraltar ENG"]
[Date "2017.01.27"]
[Round "4.11"]
[White "Huzman, Alexander"]
[Black "Cheparinov, Ivan"]
[Result "1/2-1/2"]
[WhiteElo "2557"]
[BlackElo "2689"]
[PlyCount "67"]
[EventDate "2017.01.24"]
[EventType "swiss"]
[EventRounds "10"]
[EventCountry "ENG"]
[SourceTitle "Ajedrez en Madrid"]
[Source "lmi"]
[SourceDate "2017.01.24"]

1. d4 f5 2. g3 Nf6 3. Bg2 g6 4. Nf3 Bg7 5. O-O O-O 6. c4 d6 7. Nc3 c6 8. b3 Na6
9. Bb2 Qc7 10. Rc1 e5 11. Nb5 Qe7 12. dxe5 dxe5 13. Qd6 Qxd6 14. Nxd6 e4 15.
Nd4 Ne8 16. Nxc8 Rxc8 17. Ba1 Nec7 18. f3 Rcd8 19. Rcd1 exf3 20. exf3 Rd7 21.
Nc2 Rfd8 22. Rxd7 Rxd7 23. Bxg7 Kxg7 24. f4 Nc5 25. b4 Na4 26. Rf3 Nb2 27. Bf1
Rd1 28. Ne3 Re1 29. Rf2 Nd1 30. Nxd1 Rxd1 31. Rf3 Kf6 32. Rd3 Rxd3 33. Bxd3 c5
34. b5 1/2-1/2

[Event "Gibraltar Chess Festival 2017 - Masters"]
[Site "Gibraltar ENG"]
[Date "2017.01.27"]
[Round "4.12"]
[White "Short, Nigel D"]
[Black "Grigoriants, Sergey"]
[Result "1-0"]
[WhiteElo "2675"]
[BlackElo "2564"]
[PlyCount "63"]
[EventDate "2017.01.24"]
[EventType "swiss"]
[EventRounds "10"]
[EventCountry "ENG"]
[SourceTitle "Ajedrez en Madrid"]
[Source "lmi"]
[SourceDate "2017.01.24"]

1. Nf3 Nf6 2. c4 c6 3. Nc3 d5 4. e3 e6 5. d4 Nbd7 6. Qc2 Bd6 7. Bd3 O-O 8. O-O
dxc4 9. Bxc4 b5 10. Be2 a6 11. e4 e5 12. Bg5 h6 13. Bh4 exd4 14. Nxd4 Qc7 15.
Kh1 Re8 16. a3 Be5 17. Rad1 c5 18. Nf5 Nb6 19. Nxg7 Kxg7 20. f4 Bd4 21. Nxb5
axb5 22. Rxd4 Ra7 23. e5 Nfd5 24. Rd3 Kh8 25. Qd2 f5 26. Rxd5 Nxd5 27. Qxd5 Be6
28. Qf3 Kh7 29. Bxb5 Rg8 30. Rd1 Qa5 31. Qc6 Bb3 32. Rd6 1-0

[Event "Gibraltar Chess Festival 2017 - Masters"]
[Site "Gibraltar ENG"]
[Date "2017.01.27"]
[Round "4.13"]
[White "Fressinet, Laurent"]
[Black "Muzychuk, Anna"]
[Result "1-0"]
[WhiteElo "2660"]
[BlackElo "2558"]
[PlyCount "63"]
[EventDate "2017.01.24"]
[EventType "swiss"]
[EventRounds "10"]
[EventCountry "ENG"]
[SourceTitle "Ajedrez en Madrid"]
[Source "lmi"]
[SourceDate "2017.01.24"]

1. e4 c5 2. Nf3 Nc6 3. Bb5 g6 4. Bxc6 bxc6 5. O-O Bg7 6. Re1 Nh6 7. c3 O-O 8.
h3 f5 9. e5 Nf7 10. d3 e6 11. Nbd2 g5 12. Nc4 Ba6 13. Nfd2 Kh8 14. Qh5 Qe8 15.
b3 Rg8 16. Ba3 Bf8 17. Qe2 Be7 18. g4 Rg6 19. Nd6 Nxd6 20. exd6 Bxd6 21. gxf5
Rh6 22. c4 Qf8 23. fxe6 Rxh3 24. Bb2+ Kg8 25. Qg4 Qh6 26. Nf3 Rxf3 27. Qxf3 Rf8
28. Qg2 dxe6 29. Be5 Be7 30. Re3 Rf5 31. Qxc6 g4 32. Qxa6 1-0

[Event "Gibraltar Chess Festival 2017 - Masters"]
[Site "Gibraltar ENG"]
[Date "2017.01.27"]
[Round "4.14"]
[White "Schroeder, Jan-Christian"]
[Black "Ganguly, Surya Shekhar"]
[Result "1/2-1/2"]
[WhiteElo "2550"]
[BlackElo "2657"]
[PlyCount "64"]
[EventDate "2017.01.24"]
[EventType "swiss"]
[EventRounds "10"]
[EventCountry "ENG"]
[SourceTitle "Ajedrez en Madrid"]
[Source "lmi"]
[SourceDate "2017.01.24"]

1. e4 e5 2. Nf3 Nc6 3. Bc4 Bc5 4. O-O Nf6 5. d3 O-O 6. a4 a6 7. Nbd2 d6 8. c3
Be6 9. b4 Ba7 10. Re1 Ng4 11. Re2 Bxc4 12. Nxc4 f5 13. exf5 Rxf5 14. Ne3 Nxe3
15. Bxe3 Bxe3 16. fxe3 Qe7 17. e4 Rf4 18. Qb3+ Kh8 19. Rf1 Raf8 20. Ref2 Nd8
21. g3 R4f6 22. Qa2 Ne6 23. Nh4 g6 24. Rxf6 Rxf6 25. Rxf6 Qxf6 26. Qd5 Nd8 27.
Kg2 Qg5 28. Nf3 Qe3 29. Nxe5 Qe2+ 30. Kg1 Qe1+ 31. Kg2 Qe2+ 32. Kg1 Qe1+
1/2-1/2

[Event "Gibraltar Chess Festival 2017 - Masters"]
[Site "Gibraltar ENG"]
[Date "2017.01.27"]
[Round "4.15"]
[White "Howell, David W L"]
[Black "Mastrovasilis, Athanasios"]
[Result "1-0"]
[WhiteElo "2655"]
[BlackElo "2551"]
[PlyCount "85"]
[EventDate "2017.01.24"]
[EventType "swiss"]
[EventRounds "10"]
[EventCountry "ENG"]
[SourceTitle "Ajedrez en Madrid"]
[Source "lmi"]
[SourceDate "2017.01.24"]

1. e4 e5 2. Nf3 Nc6 3. c3 Nf6 4. d4 Nxe4 5. d5 Nb8 6. Nxe5 Qe7 7. Qd4 d6 8.
Bb5+ Nd7 9. Bxd7+ Bxd7 10. Nxd7 Nf6+ 11. Be3 Qxd7 12. h3 Be7 13. c4 O-O 14. Nc3
Qd8 15. O-O Nd7 16. Qd2 Re8 17. Rae1 Bf6 18. Qc2 Be5 19. Re2 Nf6 20. Rfe1 Qd7
21. Qd3 h6 22. Bd2 Nh7 23. b3 a6 24. Ne4 Nf6 25. Ng3 Bxg3 26. Qxg3 Rxe2 27.
Rxe2 Kf8 28. Bc3 Re8 29. Bxf6 gxf6 30. Qg4 Qd8 31. Re4 Rxe4 32. Qxe4 Kg7 33.
Kh2 Qd7 34. Kg3 f5 35. Qd3 Kf6 36. Kf4 Qc8 37. h4 Qd7 38. Qc3+ Kg6 39. h5+ Kxh5
40. Qf6 a5 41. g3 c6 42. f3 cxd5 43. cxd5 1-0

[Event "Gibraltar Chess Festival 2017 - Masters"]
[Site "Gibraltar ENG"]
[Date "2017.01.27"]
[Round "4.16"]
[White "Hou, Yifan"]
[Black "Muzychuk, Mariya"]
[Result "1-0"]
[WhiteElo "2651"]
[BlackElo "2546"]
[PlyCount "59"]
[EventDate "2017.01.24"]
[EventType "swiss"]
[EventRounds "10"]
[EventCountry "ENG"]
[SourceTitle "Ajedrez en Madrid"]
[Source "lmi"]
[SourceDate "2017.01.24"]

1. Nf3 d5 2. c4 c6 3. b3 Nf6 4. Bb2 Bg4 5. e3 Nbd7 6. Be2 e6 7. h3 Bh5 8. Nc3
Bd6 9. d3 h6 10. a3 O-O 11. g4 Bg6 12. Rg1 e5 13. h4 dxc4 14. dxc4 Nc5 15. g5
e4 16. Nd2 hxg5 17. hxg5 Nh7 18. Ndxe4 Nxe4 19. Nxe4 Be7 20. Bd3 Bxg5 21. Qc2
Qe7 22. Nxg5 Nxg5 23. Bxg6 Nf3+ 24. Ke2 Nxg1+ 25. Rxg1 fxg6 26. Qxg6 Rf7 27.
Rh1 Qe8 28. Qh7+ Kf8 29. Rh4 Qc8 30. Re4 1-0

[Event "Gibraltar Chess Festival 2017 - Masters"]
[Site "Gibraltar ENG"]
[Date "2017.01.27"]
[Round "4.17"]
[White "Anton Guijarro, David"]
[Black "Liang, Awonder"]
[Result "1-0"]
[WhiteElo "2650"]
[BlackElo "2496"]
[PlyCount "61"]
[EventDate "2017.01.24"]
[EventType "swiss"]
[EventRounds "10"]
[EventCountry "ENG"]
[SourceTitle "Ajedrez en Madrid"]
[Source "lmi"]
[SourceDate "2017.01.24"]

1. d4 Nf6 2. c4 g6 3. Nc3 d5 4. Bf4 Bg7 5. e3 O-O 6. Rc1 Be6 7. c5 c6 8. Be2
Nfd7 9. Nf3 Bg4 10. O-O Bxf3 11. Bxf3 e5 12. Bg3 Na6 13. Nxd5 cxd5 14. Bxd5 Rb8
15. Qf3 exd4 16. Bxb8 Qxb8 17. exd4 Bxd4 18. Qg4 Bxb2 19. Qxd7 Bxc1 20. Rxc1
Nc7 21. Bb3 Na6 22. g3 Qc7 23. c6 bxc6 24. Qxc6 Qb6 25. h4 Nb4 26. Qf3 Nxa2 27.
Rc6 Qd4 28. Rf6 Kh8 29. Rxf7 Rg8 30. Bxa2 Qa1+ 31. Kg2 1-0